Quiz about Grand Est (French region) - Statistics

General Stats
  • This quiz has been taken 33 times
  • The average score is 10 of 15
Answer Stats
Questions Answers % Correct
What is the capital of the Grand Est ? Strasbourg
93%
What is the population (to the nearest million)? 5.6 million
90%
How many departments are there ? 10
86%
Names a historic region of the Grand Est Alsace | Champagne-Ardenne | Lorraine
86%
Name a border country in the region Belgium | Luxembourg | Germany | Switzerland
86%
What is the 2nd most populated city ? Metz
83%
Names a French region bordering the region Hauts-de-France | Île-de-France | Bourgogne-Franche-Comté
76%
In which city were 33 kings crowned? Reims
76%
Which large European river serves as the border between France and Germany ? the Rhine
55%
In which city is “Little Venice” and a miniature reproduction of the Statue of Liberty located ? Colmar
52%
What major battle of the First World War caused the death of more than 300,000 people in 1916 ? the battle of Verdun
52%
What famous wine is produced in the region ? the Champagne
52%
What is the typical fruit of Lorraine from which it harvests 90% of the world production ? the mirabelle plum
31%
What is the highest point in the Grand Est located in the Vosges ? Ballon de Guebwiller
28%
What Alsatian dish is made up of sour cream, bacon and onions? Flammekueche (Tarte flambée)
28%
No matching quizzes found
Score Distribution
Percent of People with Each Score
Percentile by Number Answered
Your Score History
You have not taken this quiz